10 Logos de clubs de foot : Difficile - Statistiques

Statistiques générales
  • Ce quiz a été pris 69 fois
  • Le résultat moyen est 8 sur 10
Statistiques - réponses
Par images Réponse % Correct
FC Metz
100%
Galatasaray
95%
Real Betis
91%
GNK Dynamo Zagreb
88%
Royale Union Saint-gilloise
85%
FC Cologne
82%
Al-Hilal
79%
Nottingham Forest
74%
FK Bodø Glimt
67%
Shakhtar Donetsk
52%
Aucun quiz correspondant
Distribution des résultats
% des personnes avec chaque résultat
Percentile par nombre de réponses
Votre historique - résultats
Vous n’avez pas pris ce quiz